000
00256nam a2200085Ia 4500
008
170620s9999 xx 000 0 und d
100
_a
N.C.E.R.T
245
0
_a
Seventh All India School Education Survey(7th AISES)- Schools for Physically Cha
260
_b
New Delhi- NCERT
260
_c
2007
999
_c
25232
_d
25232